00596 2200217 4500001002100000005001500021035002000036008004100056245012500097100002100222250000600243260003300249300001200282084001400294082000800308650001400316990001200330990001200342990001200354990001200366INLIS00000000000043320240430015135 a0010-0424000409240430 0 ind 1 aEnsiklopedia Matematika Volume 6; Matematika dalam Teknik Hitung- hitungan dan Matematika Sehari hari /cPatricia Barnes aBarnes, Patricia a1 aBandung :bPakar Raya,c2014 a104 hlm a510 PAT e a510 4aNon Fiksi a0722536 a0722537 a0722538 a0722539